000
00285nam a22001337a 4500
008
170825b xxu||||| |||| 00| 0 eng d
020
_a
0881335878
041
_a
eng
080
_2
6TH
_a
070
100
_a
39
101
_a
MED
245
_a
PUBLICSPEAKING
_c
MUDD,CH.S
942
_2
udc
_c
BK
999
_c
25070
_d
25070